00556nam a2200169 i 450000100060000000300090000600500170001500700030003200800410003510000290007624500370010526000350014230000380017785200320021599900170024795201220026460306ES-MaACL20230906164215.0t|031104s1963 sp ||||1| spa d1 aEscoda, Delfín.94757713aEl castillo / cDelfín Escoda. aBarcelona : bTrimer, c[1963] a56 p. : b1 retr. aut. ; c17 cm. aES-MaACLjC-23314 bR.51983 c60306d60306 00104070aATENEOMbATENEOMcDEPO2d2008-01-17eSCl0oC-23314p1063251r2023-02-23 00:00:00w2023-02-23yMONOGRAFIA